|
|
|
|
| LEADER |
00000cam a2200000 a 4500 |
| 001 |
vtls001061190 |
| 003 |
SK-MaSNL |
| 005 |
20260301152830.0 |
| 008 |
240226s1990 xo l frp 000 0 slo |
| 015 |
|
|
|a SNBA1990/04
|
| 020 |
|
|
|a 8022501573
|q (brožované)
|
| 035 |
|
|
|a SNK000004018
|
| 035 |
|
|
|a urn:nbn:sk:snk-amlqo1
|
| 035 |
|
|
|a urn:nbn:sk:snk-am00c1j7
|
| 035 |
|
|
|a C8153C42-5E19-4002-9AD5-C2CCE480E365
|
| 040 |
|
|
|a SNK
|b slo
|c SNK
|e AACR2
|
| 041 |
0 |
|
|a slo
|
| 044 |
|
|
|a xo
|c SK
|
| 072 |
|
7 |
|a 004.3
|x Počítače. Hardvér
|2 konspekt
|
| 072 |
|
7 |
|a 37.016
|x Učebné osnovy. Vyučovacie predmety. Učebnice
|2 konspekt
|
| 072 |
|
7 |
|a 519.1/.8
|x Kombinatorika. Teória grafov. Matematická štatistika. Operačný výskum. Matematické modelovanie
|2 konspekt
|
| 080 |
|
|
|a 004.382.7
|2 2011
|
| 080 |
|
|
|a 005.591.1
|2 2011
|
| 080 |
|
|
|a (075.8)
|2 2011
|
| 080 |
|
|
|a 519.852
|2 2011
|
| 100 |
1 |
|
|a Klučárová, Mária,
|d 1938-
|4 aut
|9 39506
|
| 245 |
1 |
0 |
|a Používateľská príručka pre počítače PC
|b riešenie optimalizačných úloh na počítačoch PC
|c Mária Klučárová
|
| 250 |
|
|
|a 1. vyd.
|
| 260 |
|
|
|a V Bratislave
|b Vysoká škola ekonomická
|c 1990
|
| 300 |
|
|
|a 53 strán
|b schémy, tabuľky
|c 30 cm
|
| 366 |
|
|
|e 250 kusov
|
| 490 |
1 |
|
|a Vysokoškolské skriptá
|
| 500 |
|
|
|a Vydala Vysoká škola ekonomická v Bratislave, Fakulta riadenia
|
| 500 |
|
|
|a Vydal rektorát Vysokej školy ekonomickej v Bratislave
|
| 500 |
|
|
|a Obsahuje 3 kapitoly
|
| 650 |
0 |
7 |
|a osobné počítače
|2 SNKPH
|9 960
|
| 650 |
0 |
7 |
|a optimalizácia
|2 SNKPH
|9 22407
|
| 650 |
0 |
7 |
|a počítačová optimalizácia
|2 SNKPH
|9 513770
|
| 650 |
0 |
7 |
|a optimalizačné úlohy
|2 SNKPH
|9 378539
|
| 650 |
0 |
7 |
|a lineárne programovanie
|2 SNKPH
|9 2031
|
| 655 |
|
7 |
|a učebnice vysokých škôl
|2 SNKPH
|9 70191
|
| 710 |
2 |
|
|a Vysoká škola ekonomická v Bratislave.
|b Fakulta riadenia
|4 pbl
|9 124299
|
| 710 |
2 |
|
|a Vysoká škola ekonomická v Bratislave.
|b Rektorát
|4 pbl
|9 178980
|
| 740 |
0 |
2 |
|a LINDO-PC
|
| 740 |
0 |
2 |
|a STORM
|
| 740 |
0 |
2 |
|a QSB
|
| 752 |
|
|
|a Slovensko
|d Bratislava
|
| 810 |
2 |
|
|a Vysoká škola ekonomická v Bratislave.
|b Fakulta riadenia
|t Vysokoškolské skriptá
|9 166970
|
| 852 |
|
|
|a Slovenská národná knižnica
|
| 919 |
|
|
|a 80-225-0157-3
|
| 954 |
|
|
|a odborná, vedecká literatúra pôvodná (slovenská)
|2 lita
|
| 958 |
|
|
|a RK
|
| 958 |
|
|
|a TL
|
| 958 |
|
|
|a EUIPO
|
| 958 |
|
|
|a OND
|
| 958 |
|
|
|a UV
|
| 999 |
|
|
|c 790331
|d 792261
|
| 952 |
|
|
|t P60, <04>, [BOOK], {604}
|a SNK
|b SNK
|y VYP
|7 0
|p 17A0083836
|o snkSB 46296 D1
|i snkKSP 3147/90
|0 0
|1 0
|4 0
|d 1997-08-15
|l 0
|r 2004-12-31 00:00:00
|w 2026-02-24
|
| 952 |
|
|
|a SNK
|b SNK
|y PREZ
|7 0
|p 17A0824970
|o snkSB 46296
|i snkKSP 3146/90
|0 0
|1 0
|4 0
|d 2009-06-01
|f 1
|l 0
|r 2025-01-31 00:00:00
|w 2026-02-24
|